Finansy i upravlenije naučno-tchničeskim progressom
Salvato in:
| Autore principale: | |
|---|---|
| Natura: | Libro |
| Lingua: | russo |
| Pubblicazione: |
Moskva
Finansy i statistika
1986
|
| Tags: |
Nessun Tag, puoi essere il primo ad aggiungerne!!
|
MARC
| LEADER | 00000nam a2200000 4500 | ||
|---|---|---|---|
| 001 | c104735 | ||
| 005 | 20041019155132.9 | ||
| 041 | 0 | |a rus | |
| 044 | |a RU | ||
| 245 | 1 | 0 | |a Finansy i upravlenije naučno-tchničeskim progressom |c Michail Vladimirovič Romanovskij |
| 264 | 1 | |a Moskva |b Finansy i statistika |c 1986 | |
| 300 | |a 171 s. | ||
| 100 | 1 | |a Romanovskij, Michail Vladimirovič | |